Rappeurs venant de Seine-et-Marne (77) - Statistiques

Statistiques générales
  • Ce quiz a été pris 120 fois
  • Le résultat moyen est 4 sur 7
Statistiques - réponses
Ville Réponse % Correct
Meaux RK
83%
Nemours Ninho
78%
La-Ferté-Sous-Jouarre ISK
59%
Noisiel UZI
51%
Meaux Djadja & Dinaz
49%
Champs-sur-marne Timal
49%
Melun A2H
10%
Aucun quiz correspondant
Distribution des résultats
% des personnes avec chaque résultat
Percentile par nombre de réponses
Votre historique - résultats
Vous n’avez pas pris ce quiz